000 00533nam a2200145Ia 4500
008 140724s9999 xx 000 0 und d
050 _aBF 637
_b.Ag279 2008
100 _aAgripa, Rowena T.
245 _aJob competencies of fourth year college students of Southville International School and Colleges (SISC) A.Y. 2007-2008 /
_cRowena T. Agripa.
260 _aLas PiƱas, Philippines :
_bSouthville International School and Colleges,
_cc2008.
300 _a57 p. :
_c28 cm.
521 _aPsychology
942 _cTH
999 _c229022
_d229022